00725cam a22002537a 4500003000500000005001700005008004100022010001000063011001000073020001500083035001000098040000900108082001600117100002400133245006900157260005900226300002000285410003300305490003200338650001800370650001800388810003300406830003200439CHAP20220329142049.0990519d1997 mx a r 00010 spa d a77850 a78822 a9681652401 a88923 cCHAP04a523.115bD800aDultzin, Déborah.10aCausares :ben los confines del universoc/por Déborah Dultzin aMéxico, D.F. :bFondo de Cultura Económica,c1997. a160 p. :bilus.21aFondo de Cultura Económica 3aLa ciencia para todosv; 5314aAstronomía.14aCosmología.00aFondo de Cultura Económica03aLa ciencia para todosv; 53